000 00343nam a22001337a 4500
005 20260121105542.0
008 260121b |||||||| |||| 00| 0 eng d
100 _aLalit Dhar
245 _aEnhancing Distribution & Productivity for Yippee Noodles
260 _aJammu
_bMIET
_c2024
300 _a64
650 _aManagement
942 _2ddc
_cTH
999 _c21779
_d21779